| 000 | 00669cam a22002171 4500 | ||
|---|---|---|---|
| 001 | sa 65002667 | ||
| 003 | DLC | ||
| 005 | 20260227112118.0 | ||
| 008 | 791102s1964 ii b 001 0 eng | ||
| 010 | _asa 65002667 | ||
| 035 | _a(OCoLC)5638272 | ||
| 040 |
_aDLC _cHU _dDLC |
||
| 042 | _apremarc | ||
| 050 | 0 | 0 |
_aHG2051.I4 _bK7 |
| 100 | 2 | _aKrishna Rao, B. | |
| 245 | 1 | 0 |
_aSix agricultural credit societies; _ba case study in Madurai and Salem districts _c[by] B. Krishna Rao. |
| 260 |
_a[Madras] _bMadras University, _c1964. |
||
| 300 |
_ax, 216 p. _c23 cm. |
||
| 504 | _aBibliographical footnotes. | ||
| 650 | 0 |
_aAgricultural cooperative credit associations _zIndia. |
|
| 999 |
_c62756 _d62756 |
||